000 02176cam a2200313 a 4500
001 699760262
003 OCoLC
005 20220227212048.0
008 110630s2011 miu b 001 0 eng
010 _a2011027290
020 _a9780801026973 (cloth : alk. paper)
020 _a0801026970 (cloth : alk. paper)
035 _a(OCoLC)699760262
040 _aDLC
_cDLC
_dYDX
_dBTCTA
_dYDXCP
_dDTM
_dSGB
_dBWX
_dMZN
050 0 0 _aBS2397
_b.B39 2011
082 _2REF 230
_bB366N
090 _aBS2397
_b.B39 2011
100 1 _aBeale, G. K.
_q(Gregory K.),
_d1949-
245 1 2 _aA New Testament biblical theology :
_bthe unfolding of the Old Testament in the New /
_cG.K. Beale
260 _aGrand Rapids, Mich. :
_bBaker Academic,
_cc2011
300 _axxiv, 1047 p. ;
_c24 cm
504 _aIncludes bibliographical references (p. 963-987) and indexes
505 2 _aPt. 1. The biblical-theological storyline of Scripture -- pt. 2. The story of the inaugurated-time tribulation -- pt. 3. The story of the inaugurated end-time resurrection and new-creational kingdom as a framework for New Testament theology -- pt. 4. The story of idolatry and restoration as God's image in the inaugurated new creation -- pt. 5. The story of salvation as inaugurated end-time new creation -- pt. 6. The story of the work of the Spirit in the inaugurated end-time new creation -- pt. 7. The story of the Church as end-time Israel in the inaugurated new creation -- pt. 8. The distinguishing marks of the church as storyline facets of the end-time inaugurated new creation -- pt. 9. The story of Christian living as inaugurated end-time new-creational life -- pt. 10. Conculsion
520 _aG. K. Beale examines how the New Testament storyline relates to and develops the Old Testament storyline. Beale argues that every major concept of the New Testament is a development of a concept from the Old and is to be understood as a facet of the inauguration of the latter-day new creation and kingdom. --from publisher description
630 0 0 _aBible
_xTheology
630 0 0 _aBible.
_pNew Testament
_xTheology
630 0 0 _aBible.
_pNew Testament
_xRelation to the Old Testament
942 _2ddc
_cBK
999 _c10840
_d10840